01417cam a22003497a 4500003000500000005001700005008004100022010000800063011000900071035000900080040000900089090001000098100003700108245009600145260004000241300002200281502012000303590003700423590004100460590004100501590004100542590004200583650004800625650002600673901000700699942000900706949004100715949004600756999001300802952012500815952012700940CHAP20220329133003.0971013s1990 r 00010 d a976 a1948 a1133 cCHAP aTesis00aGarcía López, Emilio.946210 0aEfecto del sustrato y fertilización en el crecimiento de Pinus greggii Engelm., en vivero aChapingo, Méx. :bEl autor,c1990 a86 h.b: gráfs. aTesis (Ing. Forestal con Orientación en Evaluación y Abastecimiento) -- UACH. División de Ciencias Forestales aALEPHb10c20130110lUCH01h1207 aBATCH-UPDb10c20130110lUCH01h2007 aBATCH-UPDb10c20130410lUCH01h1326 aBATCH-UPDb10c20130914lUCH01h1426 aCONVERSIONb10c20130109lUCH01h130214aFertilizantesxEfecto en pináceas.94054014aPinus greggii.988338 aBK cFOLL bBCcTESd-10597eTS1h23249i1133si bBCcTESd-70368eTS2fc.2h23250i1133si c976d976 00102local4053708TESISaBCbBCcPA_TESISd2019-12-31fTESISl0p-70368r2019-12-31 00:00:00tc.2w2019-12-31yTESIS 00102local4051708TESISaBCbBCcPA_TESISd2019-12-31fTESISl0oTesisp-10597r2019-12-31 00:00:00w2019-12-31yTESIS